000 00310nam a2200109Ia 4500
005 20251222141759.0
008 251222s9999||||xx |||||||||||||| ||spa||
082 _a868.32/S22
100 _a"Sánchez, Luis AlbertoJiménez Borja, JoséTamayo Vargas, Augusto"
245 0 _a4° Centenario de Cervantes
942 _cLIB
999 _c6107
_d6107